[Event "RUS-chT U20"]
[Site "Kolomna"]
[Date "2014.08.07"]
[Round "6"]
[White "Ivanova, Karina"]
[Black "Krotiuk, Daria"]
[Result "1-0"]
[WhiteElo "2066"]
[BlackElo "1924"]
[PlyCount "91"]
[EventDate "2014.08.02"]
[EventType "swiss"]
[EventRounds "9"]
[EventCountry "RUS"]
[SourceTitle "EXT 2016"]
[Source "ChessBase"]
[SourceDate "2015.10.08"]
[SourceVersion "1"]
[SourceVersionDate "2015.10.08"]
[SourceQuality "1"]

1. d4 Nf6 2. Nf3 e6 3. c4 Bb4+ 4. Bd2 Qe7 5. Qc2 b6 6. Nc3 Bb7 7. e3 Bxc3 8. Bxc3 Ne4 9. Be2 d6 10. 0-0 f5 11. b4 Nd7 12. Bb2 0-0 13. Rac1 c5 14. bxc5 bxc5 15. Bd3 Ndf6 16. Qe2 Rab8 17. Ba3 Qc7 18. Bb2 Qc6 19. Ne1 Ba6 20. f3 Ng5 21. Qd2 Qa4 22. Rf2 Nd7 23. Qc3 Qb4 24. h4 Qxc3 25. Rxc3 Nf7 26. Ra3 Rb6 27. d5 Nd8 28. Bc3 Bb7 29. dxe6 Nxe6 30. Rxa7 Bc6 31. Ba5 Rb7 32. Rxb7 Bxb7 33. Rb2 Bc6 34. Bc3 g6 35. Bc2 Ra8 36. Bb3 Kf7 37. Kf2 Ke7 38. Nd3 Nb6 39. Rb1 Ra6 40. Re1 Ra8 41. e4 fxe4 42. fxe4 Ra3 43. Bb2 Ra8 44. Ke3 Rf8 45. g3 Nd7 46. Nf4 1-0

[Event "RUS-chT U20"]
[Site "Kolomna"]
[Date "2014.08.02"]
[Round "1"]
[White "Fokina, Elina"]
[Black "Krotiuk, Daria"]
[Result "0-1"]
[WhiteElo "1507"]
[BlackElo "1924"]
[PlyCount "50"]
[EventDate "2014.08.02"]
[EventType "swiss"]
[EventRounds "9"]
[EventCountry "RUS"]
[SourceTitle "EXT 2016"]
[Source "ChessBase"]
[SourceDate "2015.10.08"]
[SourceVersion "1"]
[SourceVersionDate "2015.10.08"]
[SourceQuality "1"]

1. e4 c5 2. Nf3 Nc6 3. d4 cxd4 4. Nxd4 Nf6 5. Nc3 Qc7 6. f4 d6 7. Bc4 e6 8. Be3 a6 9. Bb3 b5 10. a3 Bb7 11. Qe2 Be7 12. 0-0-0 b4 13. axb4 Nxb4 14. Bf2 Nd7 15. Bxe6 fxe6 16. Nxe6 Qa5 17. Nxg7+ Kf7 18. Nf5 Qa1+ 19. Nb1 Na2+ 20. Kd2 Qxb2 21. Qc4+ d5 22. exd5 Rac8 23. Qe4 Bb4+ 24. Ke2 Rce8 25. Nh6+ Kf8 0-1

[Event "Barcelona Sant Marti op-A 16th"]
[Site "Barcelona"]
[Date "2014.07.18"]
[Round "6"]
[White "Krotiuk, Daria"]
[Black "Nadal Fajardo, Ricard"]
[Result "1-0"]
[WhiteElo "1924"]
[BlackElo "1999"]
[PlyCount "45"]
[EventDate "2014.07.13"]
[EventType "swiss"]
[EventRounds "9"]
[EventCountry "ESP"]
[SourceTitle "CBM 161 Extra"]
[Source "ChessBase"]
[SourceDate "2014.08.29"]
[SourceVersion "1"]
[SourceVersionDate "2014.08.29"]
[SourceQuality "1"]

1. e4 d5 2. exd5 Qxd5 3. Nc3 Qd8 4. d4 Nf6 5. Bf4 g6 6. Nf3 Bg7 7. Be2 0-0 8. 0-0 c6 9. Qd2 Nd5 10. Bh6 Nxc3 11. bxc3 Nd7 12. Bxg7 Kxg7 13. c4 Nf6 14. Ne5 Qc7 15. f4 Rd8 16. c3 c5 17. Qe3 b6 18. Rad1 Bb7 19. f5 Rd6 20. g4 h6 21. fxg6 fxg6 22. g5 Re6 23. Qh3 1-0

[Event "Barcelona Sant Marti op-A 16th"]
[Site "Barcelona"]
[Date "2014.07.16"]
[Round "4"]
[White "Krotiuk, Daria"]
[Black "Paragliola, Gennaro"]
[Result "1-0"]
[WhiteElo "1924"]
[BlackElo "1560"]
[PlyCount "61"]
[EventDate "2014.07.13"]
[EventType "swiss"]
[EventRounds "9"]
[EventCountry "ESP"]
[SourceTitle "CBM 161 Extra"]
[Source "ChessBase"]
[SourceDate "2014.08.29"]
[SourceVersion "1"]
[SourceVersionDate "2014.08.29"]
[SourceQuality "1"]

1. e4 d6 2. d4 Nf6 3. Nc3 g6 4. f4 Bg7 5. Nf3 0-0 6. Be2 c5 7. h3 cxd4 8. Nxd4 Nbd7 9. Be3 Nc5 10. Bf3 Re8 11. Nb3 Nxb3 12. axb3 a6 13. 0-0 Qc7 14. Na4 Nd7 15. Bd4 e5 16. fxe5 dxe5 17. Be3 Rd8 18. Qe2 b5 19. Nc3 Bb7 20. Qf2 Nf6 21. Bb6 Qd7 22. Rad1 Qe7 23. Bxd8 Rxd8 24. Rxd8+ Qxd8 25. Rd1 Qc7 26. Nd5 Nxd5 27. exd5 Qd6 28. c4 Bf8 29. Kh1 Qb4 30. Qb6 Bc8 31. d6 1-0

[Event "Satka Autumn op (Women)"]
[Site "Satka"]
[Date "2013.09.06"]
[Round "4"]
[White "Buldakova, Irina"]
[Black "Krotiuk, Daria"]
[Result "1/2-1/2"]
[WhiteElo "1719"]
[BlackElo "1907"]
[PlyCount "66"]
[EventDate "2013.09.03"]
[EventType "swiss"]
[EventRounds "9"]
[EventCountry "RUS"]
[SourceTitle "CBM 156 Extra"]
[Source "ChessBase"]
[SourceDate "2013.10.22"]
[SourceVersion "1"]
[SourceVersionDate "2013.10.22"]
[SourceQuality "1"]

1. e4 c5 2. g3 Nc6 3. Bg2 e5 4. d3 d6 5. Ne2 Nge7 6. 0-0 g6 7. f4 Bg7 8. Kh1 f5 9. c3 Be6 10. c4 Qd7 11. Nbc3 Rb8 12. Be3 0-0 13. Nd5 exf4 14. Bxf4 Bxb2 15. Rb1 Bg7 16. Nec3 Bxd5 17. Nxd5 Nxd5 18. exd5 Nd4 19. Qd2 Rfe8 20. Rfe1 a6 21. Rb6 Rxe1+ 22. Qxe1 Re8 23. Qb1 Qe7 24. Rxb7 Qe1+ 25. Bf1 Nf3 26. Qxe1 Rxe1 27. Kg2 Nxh2 28. Kxh2 Rxf1 29. Kg2 Rd1 30. Rb8+ Kf7 31. Rb7+ Kg8 32. Rb8+ Kf7 33. Rb7+ Kg8 1/2-1/2

[Event "Satka Autumn op (Women)"]
[Site "Satka"]
[Date "2013.09.04"]
[Round "2"]
[White "Mirzoeva, Elmira"]
[Black "Krotiuk, Daria"]
[Result "1-0"]
[WhiteElo "2215"]
[BlackElo "1907"]
[PlyCount "87"]
[EventDate "2013.09.03"]
[EventType "swiss"]
[EventRounds "9"]
[EventCountry "RUS"]
[SourceTitle "CBM 156 Extra"]
[Source "ChessBase"]
[SourceDate "2013.10.22"]
[SourceVersion "1"]
[SourceVersionDate "2013.10.22"]
[SourceQuality "1"]

1. d4 Nf6 2. c4 c5 3. d5 b5 4. cxb5 a6 5. e3 g6 6. Nc3 Bg7 7. a4 d6 8. Nf3 0-0 9. e4 axb5 10. Bxb5 Ba6 11. Bd2 Bxb5 12. axb5 Nbd7 13. 0-0 Rxa1 14. Qxa1 Nb6 15. Qa7 Nc4 16. Bc1 Qa8 17. Qxa8 Rxa8 18. Nd2 Nxd2 19. Bxd2 Nd7 20. Rb1 Nb6 21. Kf1 Nc4 22. Ke2 e6 23. dxe6 fxe6 24. Be1 Kf7 25. b3 Nb6 26. Na4 Rb8 27. Ba5 Nc8 28. b6 Bf6 29. Kd3 Bd8 30. b4 c4+ 31. Kxc4 Nxb6+ 32. Bxb6 Bxb6 33. Nxb6 Rxb6 34. b5 Kf6 35. Kb4 Ke5 36. Ka5 Rb8 37. b6 d5 38. exd5 exd5 39. b7 d4 40. Kb6 d3 41. Ka7 Rxb7+ 42. Rxb7 Kd4 43. Rxh7 d2 44. Rd7+ 1-0

[Event "Nezhmetdinov Memorial 35th"]
[Site "Kazan"]
[Date "2013.06.08"]
[Round "9"]
[White "Krotiuk, Daria"]
[Black "Kurninov, Andrei"]
[Result "1-0"]
[WhiteElo "1916"]
[BlackElo "1707"]
[PlyCount "65"]
[EventDate "2013.05.31"]
[EventType "swiss"]
[EventRounds "9"]
[EventCountry "RUS"]
[SourceTitle "CBM 154 Extra"]
[Source "ChessBase"]
[SourceDate "2013.06.25"]
[SourceVersion "2"]
[SourceVersionDate "2013.06.25"]
[SourceQuality "1"]

1. e4 c5 2. Nf3 d6 3. d4 cxd4 4. Qxd4 a6 5. c4 Nc6 6. Qd3 Nf6 7. Nc3 g6 8. Be2 Bg7 9. 0-0 0-0 10. Nd4 Ne5 11. Qd1 Qb6 12. Rb1 Bd7 13. h3 Rfc8 14. b3 Nc6 15. Be3 Qa5 16. Qd2 Nxd4 17. Bxd4 b5 18. b4 Qc7 19. c5 dxc5 20. Bxc5 Bc6 21. Bf3 Rd8 22. Qe3 Rd7 23. Rbc1 Qe5 24. Bd1 Rad8 25. f4 Qb8 26. Bc2 Nh5 27. Bb1 e6 28. e5 Bh6 29. Ne2 Rd2 30. Bd6 R8xd6 31. exd6 Qxd6 32. Rxc6 Rxe2 33. Rc8+ 1-0

[Event "Nezhmetdinov Memorial 35th"]
[Site "Kazan"]
[Date "2013.06.03"]
[Round "4"]
[White "Ovchinnikov, Vsevolod"]
[Black "Krotiuk, Daria"]
[Result "1-0"]
[WhiteElo "2006"]
[BlackElo "1916"]
[PlyCount "101"]
[EventDate "2013.05.31"]
[EventType "swiss"]
[EventRounds "9"]
[EventCountry "RUS"]
[SourceTitle "CBM 154 Extra"]
[Source "ChessBase"]
[SourceDate "2013.06.25"]
[SourceVersion "2"]
[SourceVersionDate "2013.06.25"]
[SourceQuality "1"]

1. d4 Nf6 2. c4 c5 3. d5 b5 4. cxb5 a6 5. bxa6 Bxa6 6. Nc3 g6 7. Nf3 Bg7 8. e4 Bxf1 9. Kxf1 d6 10. g3 0-0 11. Kg2 Nbd7 12. Qc2 Qa5 13. Bd2 Rfb8 14. b3 Qa6 15. Rab1 Ne8 16. a4 Nc7 17. Nd1 Rb7 18. Ne3 Rab8 19. h4 Nb6 20. h5 c4 21. hxg6 fxg6 22. bxc4 Nxc4 23. Rxb7 Nxe3+ 24. Bxe3 Qxb7 25. Rc1 Na6 26. Qc6 h6 27. Qxb7 Rxb7 28. Rc6 Nb4 29. Rb6 Rxb6 30. Bxb6 Kf7 31. Nd4 Ke8 32. Ne6 Bc3 33. a5 Na6 34. Kh3 Be1 35. f4 Bd2 36. Nc7+ Nxc7 37. Bxc7 Be3 38. Bb6 Bxb6 39. axb6 Kd7 40. Kh4 Kc8 41. f5 gxf5 42. exf5 Kb7 43. Kh5 Kxb6 44. Kxh6 Kc5 45. g4 Kxd5 46. g5 Ke5 47. g6 Kxf5 48. g7 e5 49. g8Q Kf4 50. Qf8+ Ke3 51. Qxd6 1-0

[Event "Satka Governor Cup"]
[Site "Satka"]
[Date "2011.08.20"]
[Round "8"]
[White "Krotiuk, Daria"]
[Black "Bauyrzhanova, Klara"]
[Result "1/2-1/2"]
[WhiteElo "1936"]
[BlackElo "1695"]
[PlyCount "90"]
[EventDate "2011.08.16"]
[EventType "swiss"]
[EventRounds "9"]
[EventCountry "RUS"]
[SourceTitle "CBM 144 Extra"]
[Source "ChessBase"]
[SourceDate "2011.10.28"]
[SourceVersion "1"]
[SourceVersionDate "2011.10.28"]
[SourceQuality "1"]

1. e4 c5 2. Nf3 a6 3. d4 cxd4 4. Nxd4 Nf6 5. f3 e5 6. Nb3 d5 7. Bg5 Be6 8. exd5 Qxd5 9. N1d2 Nc6 10. Bxf6 gxf6 11. Ne4 Qxd1+ 12. Rxd1 f5 13. Nec5 Bxb3 14. Nxb3 Be7 15. Bc4 h5 16. Bd3 f4 17. c3 Bh4+ 18. Ke2 Rg8 19. Rhg1 Bd8 20. c4 Na5 21. c5 Rc8 22. Rc1 Nxb3 23. axb3 Ba5 24. g3 fxg3 25. Rxg3 Ke7 26. Rc4 Rxg3 27. hxg3 b5 28. cxb6 Rxc4 29. bxc4 Bxb6 30. b4 Bd4 31. Kd2 Bf2 32. c5 a5 33. bxa5 Bxc5 34. a6 Kf6 35. Kc3 Kg5 36. Kc4 Bd4 37. f4+ Kf6 38. Be2 Bf2 39. fxe5+ Kxe5 40. Bxh5 f5 41. Bf3 Kd6 42. Kd3 Kc7 43. Ke2 Bc5 44. Bb7 Kb8 45. Kf3 Bd6 1/2-1/2

[Event "Satka Governor Cup"]
[Site "Satka"]
[Date "2011.08.19"]
[Round "5"]
[White "Taalaibekov, Tagir"]
[Black "Krotiuk, Daria"]
[Result "1/2-1/2"]
[WhiteElo "1720"]
[BlackElo "1936"]
[PlyCount "68"]
[EventDate "2011.08.16"]
[EventType "swiss"]
[EventRounds "9"]
[EventCountry "RUS"]
[SourceTitle "CBM 144 Extra"]
[Source "ChessBase"]
[SourceDate "2011.10.28"]
[SourceVersion "1"]
[SourceVersionDate "2011.10.28"]
[SourceQuality "1"]

1. e4 c5 2. Nc3 Nc6 3. d3 e5 4. g3 d6 5. Bg2 Be7 6. Nge2 Nf6 7. 0-0 0-0 8. f4 Nd4 9. h3 Ne8 10. f5 Nxe2+ 11. Qxe2 Bg5 12. Bxg5 Qxg5 13. Rf3 Qd8 14. Nd5 f6 15. g4 Rb8 16. h4 b5 17. Rg3 Bb7 18. Ne3 Kh8 19. g5 c4 20. Qh5 Qc7 21. Ng4 Kg8 22. Kh2 cxd3 23. cxd3 d5 24. Rg1 dxe4 25. dxe4 Rd8 26. Bf3 Rd7 27. gxf6 Nxf6 28. Nxf6+ Rxf6 29. Qe8+ Rf8 30. Qe6+ Kh8 31. f6 g6 32. Rg5 Rdf7 33. Qxe5 Qxe5+ 34. Rxe5 a6 1/2-1/2

[Event "Satka Governor Cup"]
[Site "Satka"]
[Date "2011.08.18"]
[Round "4"]
[White "Krotiuk, Daria"]
[Black "Vyalykh, Anastasiya"]
[Result "1-0"]
[WhiteElo "1936"]
[BlackElo "1750"]
[PlyCount "77"]
[EventDate "2011.08.16"]
[EventType "swiss"]
[EventRounds "9"]
[EventCountry "RUS"]
[SourceTitle "CBM 144 Extra"]
[Source "ChessBase"]
[SourceDate "2011.10.28"]
[SourceVersion "1"]
[SourceVersionDate "2011.10.28"]
[SourceQuality "1"]

1. e4 c5 2. Nf3 d6 3. d4 cxd4 4. Nxd4 Nf6 5. Bd3 a6 6. c4 g6 7. Nc3 Bg7 8. 0-0 0-0 9. h3 Nbd7 10. Be3 Nc5 11. Rc1 Bd7 12. Bb1 Rc8 13. b3 Ne6 14. Qd2 Nxd4 15. Bxd4 Qa5 16. f4 Bc6 17. Qf2 b5 18. Nd5 Bxd5 19. exd5 bxc4 20. bxc4 Qa4 21. Bd3 Qa3 22. Rc3 Qa5 23. Rb3 Rb8 24. Rfb1 Qc7 25. Ba7 Rxb3 26. axb3 Nd7 27. Bd4 Bxd4 28. Qxd4 Nc5 29. Bc2 a5 30. Qe3 Rb8 31. f5 Rb4 32. Re1 a4 33. fxg6 fxg6 34. Qg5 Rb7 35. bxa4 Na6 36. Bxg6 Qc5+ 37. Kh2 Qf2 38. Bd3+ Kh8 39. Rf1 1-0

[Event "Cheliabinsk Kibizov Memorial 6th"]
[Site "Cheliabinsk"]
[Date "2011.07.01"]
[Round "8"]
[White "Khazhipov, Timur"]
[Black "Krotiuk, Daria"]
[Result "1-0"]
[WhiteElo "2075"]
[BlackElo "1906"]
[PlyCount "88"]
[EventDate "2011.06.24"]
[EventType "swiss"]
[EventRounds "9"]
[EventCountry "RUS"]
[SourceTitle "EXT 2022"]
[Source "ChessBase"]
[SourceDate "2021.10.06"]
[SourceVersion "1"]
[SourceVersionDate "2021.10.06"]
[SourceQuality "1"]

1. e4 c5 2. Nf3 Nc6 3. d4 cxd4 4. Nxd4 Nf6 5. Nc3 e5 6. Ndb5 d6 7. Bg5 a6 8. Na3 b5 9. Nd5 Be7 10. Bxf6 Bxf6 11. c4 b4 12. Nc2 0-0 13. g3 Bg5 14. Bg2 Qa5 15. 0-0 Qc5 16. b3 Be6 17. Kh1 a5 18. f4 Bd8 19. f5 Bxd5 20. cxd5 Na7 21. f6 Bxf6 22. Rxf6 gxf6 23. Qe2 Nc8 24. Ne3 Ne7 25. Rf1 f5 26. exf5 f6 27. g4 Kh8 28. h4 Rg8 29. Be4 Qd4 30. Qf3 Raf8 31. Rc1 Rc8 32. Rd1 Qa7 33. Nc4 Qc7 34. g5 Rcf8 35. Rg1 Nc8 36. Rg2 a4 37. g6 hxg6 38. fxg6 Kg7 39. Ne3 Ne7 40. h5 Rh8 41. Rc2 Qa7 42. Bf5 axb3 43. axb3 Rxh5+ 44. Kg2 Qd4 1-0

[Event "Cheliabinsk Kibizov Memorial 6th"]
[Site "Cheliabinsk"]
[Date "2011.06.30"]
[Round "7"]
[White "Krotiuk, Daria"]
[Black "Filippov, Alexey"]
[Result "1/2-1/2"]
[WhiteElo "1906"]
[BlackElo "2067"]
[PlyCount "92"]
[EventDate "2011.06.24"]
[EventType "swiss"]
[EventRounds "9"]
[EventCountry "RUS"]
[SourceTitle "EXT 2022"]
[Source "ChessBase"]
[SourceDate "2021.10.06"]
[SourceVersion "1"]
[SourceVersionDate "2021.10.06"]
[SourceQuality "1"]

1. e4 c5 2. Nf3 e6 3. d4 cxd4 4. Nxd4 a6 5. c4 Qc7 6. Nc3 Nf6 7. Be3 b6 8. Be2 Bb7 9. f3 Bc5 10. Qd2 0-0 11. 0-0 Bd6 12. h3 Nc6 13. f4 Nxd4 14. Qxd4 e5 15. Qxb6 exf4 16. Qxc7 Bxc7 17. Bxf4 Bb6+ 18. Kh2 Nxe4 19. Nxe4 Bxe4 20. Rad1 Rfe8 21. Bf3 Rac8 22. b3 Bc6 23. Bg4 Rcd8 24. Bd6 g6 25. Rf6 h5 26. Bf3 Re6 27. Rxe6 fxe6 28. Kg3 Re8 29. c5 Ba5 30. Be2 Bc3 31. Rc1 Bb4 32. a3 Bxa3 33. Ra1 Bb4 34. Rxa6 Ra8 35. Rxa8+ Bxa8 36. Bf3 Bc6 37. Kf2 Kf7 38. Ke3 Kf6 39. Kd4 Ba3 40. Kc4 e5 41. b4 e4 42. Be2 Bb2 43. b5 Bb7 44. Bf4 Be5 45. Be3 d5+ 46. cxd6 Bxd6 1/2-1/2

[Event "Satka Gubernators Cup Juniors"]
[Site "Satka"]
[Date "2010.08.22"]
[Round "9"]
[White "Krotiuk, Daria"]
[Black "Nikiforova, Anna"]
[Result "0-1"]
[WhiteElo "1831"]
[BlackElo "1782"]
[PlyCount "92"]
[EventDate "2010.08.16"]
[EventType "swiss"]
[EventRounds "9"]
[EventCountry "RUS"]
[SourceTitle "EXT 2022"]
[Source "ChessBase"]
[SourceDate "2021.10.06"]
[SourceVersion "1"]
[SourceVersionDate "2021.10.06"]
[SourceQuality "1"]

1. e4 c5 2. Nf3 g6 3. d4 cxd4 4. Nxd4 Bg7 5. c4 Nc6 6. Be3 d6 7. Nc3 Bd7 8. Be2 Nf6 9. Qd2 0-0 10. f3 a6 11. 0-0 Nxd4 12. Bxd4 Rc8 13. Rac1 Qa5 14. Qe3 Qh5 15. h3 e5 16. Bb6 Bh6 17. f4 Bxf4 18. Qxf4 exf4 19. Bxh5 Nxh5 20. Nd5 Rfe8 21. Rfe1 Bc6 22. b3 g5 23. c5 dxc5 24. Rxc5 Kg7 25. Nc7 Re7 26. Rxg5+ Kh6 27. Nd5 Bxd5 28. Rxd5 Rce8 29. Rd4 Re6 30. Ba5 Re5 31. Bd2 f5 32. Rd6+ Kg5 33. g3 Nxg3 34. h4+ Kg4 35. Rd7 R8e7 36. Rxe7 Rxe7 37. e5 Ne4 38. Bb4 Rxe5 39. Kh2 f3 40. Rg1+ Kxh4 41. Rg7 f4 42. Rxh7+ Rh5 43. Rg7 Ng5 44. Be7 Kg4+ 45. Kg1 Kf5 46. Bc5 Ne6 0-1

[Event "Satka Gubernators Cup Juniors"]
[Site "Satka"]
[Date "2010.08.18"]
[Round "4"]
[White "Vanishvili, Mari"]
[Black "Krotiuk, Daria"]
[Result "1/2-1/2"]
[WhiteElo "1838"]
[BlackElo "1831"]
[PlyCount "171"]
[EventDate "2010.08.16"]
[EventType "swiss"]
[EventRounds "9"]
[EventCountry "RUS"]
[SourceTitle "EXT 2022"]
[Source "ChessBase"]
[SourceDate "2021.10.06"]
[SourceVersion "1"]
[SourceVersionDate "2021.10.06"]
[SourceQuality "1"]

1. e4 c5 2. Nf3 Nc6 3. d4 cxd4 4. Nxd4 Nf6 5. Nc3 e5 6. Ndb5 d6 7. Bg5 a6 8. Na3 b5 9. Nd5 Be7 10. Bxf6 Bxf6 11. c3 Bg5 12. Nc2 0-0 13. a4 Rb8 14. axb5 axb5 15. Bd3 Be6 16. 0-0 f5 17. Qe2 f4 18. Ne1 b4 19. Bb5 Bxd5 20. exd5 Ne7 21. c4 Ra8 22. Nf3 Bf6 23. Rfe1 Qb6 24. Qe4 Ra7 25. b3 Rfa8 26. Ra4 Qc5 27. Rea1 Rxa4 28. Rxa4 Rxa4 29. Bxa4 g5 30. Ne1 g4 31. g3 Ng6 32. Nd3 Qb6 33. gxf4 Nxf4 34. Nxf4 exf4 35. Qe6+ Kg7 36. Qxg4+ Kf7 37. Qxf4 Qd8 38. Qg4 Qe7 39. Bd7 Qf8 40. Qh5+ Kg7 41. Bf5 Qh8 42. Kf1 Be5 43. h4 Bf6 44. f3 Be7 45. Qg4+ Kf8 46. Be6 Qg7 47. h5 Bg5 48. Kg2 h6 49. Qf5+ Qf6 50. Qg6 Qg7 51. Kh3 Be3 52. Qg4 Bg5 53. Qf5+ Ke7 54. Qg6 Kf8 55. Qf5+ Ke7 56. Bd7 Qf7 57. Qg4 Kf8 58. Kg3 Qf6 59. Be6 Qe5+ 60. Kh3 Qf6 61. Qe4 Qf4 62. Qxf4+ Bxf4 63. Kg4 Be3 64. Kf5 Kg7 65. Bd7 Kf7 66. f4 Bc5 67. Bc8 Bg1 68. Be6+ Kg7 69. Bd7 Kf7 70. Ke4 Kf6 71. Be8 Bc5 72. Bg6 Ke7 73. Kf5 Be3 74. Ke4 Bc5 75. Kd3 Kf6 76. Ke4 Ke7 77. f5 Kf6 78. Kd3 Ke7 79. Kd2 Kf6 80. Ke2 Ke7 81. Kf3 Kf6 82. Kg4 Ke7 83. f6+ Kxf6 84. Kf4 Bg1 85. Be8 Bc5 86. Bd7 1/2-1/2

[Event "Satka Gubernators Cup Juniors"]
[Site "Satka"]
[Date "2010.08.17"]
[Round "2"]
[White "Ermolaev, Evgeny"]
[Black "Krotiuk, Daria"]
[Result "1/2-1/2"]
[WhiteElo "1967"]
[BlackElo "1831"]
[PlyCount "109"]
[EventDate "2010.08.16"]
[EventType "swiss"]
[EventRounds "9"]
[EventCountry "RUS"]
[SourceTitle "EXT 2022"]
[Source "ChessBase"]
[SourceDate "2021.10.06"]
[SourceVersion "1"]
[SourceVersionDate "2021.10.06"]
[SourceQuality "1"]

1. e4 c5 2. Nf3 Nc6 3. d4 cxd4 4. Nxd4 Nf6 5. Nc3 e5 6. Ndb5 d6 7. Bg5 a6 8. Na3 b5 9. Nd5 Be7 10. Bxf6 Bxf6 11. c4 b4 12. Qa4 Bd7 13. Nxb4 Nd4 14. Qd1 Qa5 15. Qd2 Rb8 16. Nd3 Qxd2+ 17. Kxd2 Bg5+ 18. Kc3 f5 19. f4 fxe4 20. fxg5 exd3 21. Bxd3 Bc6 22. Rhg1 Ne6 23. Rae1 Nc5 24. Bc2 Ne6 25. g6 hxg6 26. Bxg6+ Ke7 27. h3 Rhf8 28. Bd3 Rf2 29. Re2 Rxe2 30. Bxe2 Nf4 31. Bf1 d5 32. g3 d4+ 33. Kc2 Ne6 34. Bg2 e4 35. Re1 d3+ 36. Kc3 d2 37. Kxd2 Rxb2+ 38. Nc2 e3+ 39. Rxe3 Bxg2 40. Kc3 Rxa2 41. Kb3 Ra5 42. Nd4 Kd7 43. Rxe6 Bxh3 44. Rg6 Ra1 45. Rxg7+ Kd6 46. Nc2 Rb1+ 47. Ka2 Rb6 48. Rg6+ Kc5 49. Rxb6 Kxb6 50. Kb3 Kc5 51. Kc3 Be6 52. Ne3 a5 53. g4 a4 54. g5 Bf7 55. Nc2 1/2-1/2

[Event "Satka Gubernators Cup Juniors"]
[Site "Satka"]
[Date "2010.08.17"]
[Round "3"]
[White "Krotiuk, Daria"]
[Black "Bakharev, Mikhail"]
[Result "1-0"]
[WhiteElo "1831"]
[BlackElo "1981"]
[PlyCount "56"]
[EventDate "2010.08.16"]
[EventType "swiss"]
[EventRounds "9"]
[EventCountry "RUS"]
[SourceTitle "EXT 2022"]
[Source "ChessBase"]
[SourceDate "2021.10.06"]
[SourceVersion "1"]
[SourceVersionDate "2021.10.06"]
[SourceQuality "1"]

1. e4 c5 2. Nf3 d6 3. d4 cxd4 4. Nxd4 Nf6 5. f3 a6 6. c4 e5 7. Nc2 Be6 8. Be3 Be7 9. Nc3 Nbd7 10. Qd2 Rc8 11. b3 h6 12. Be2 Nh7 13. 0-0 0-0 14. Nb4 f5 15. exf5 Bxf5 16. Nbd5 Nhf6 17. Nxe7+ Qxe7 18. Rad1 Ne8 19. Nd5 Qf7 20. Bd3 Bxd3 21. Qxd3 Ndf6 22. Nxf6+ Qxf6 23. f4 Qe7 24. Qd5+ Kh8 25. fxe5 Rxf1+ 26. Rxf1 dxe5 27. Rf7 Qh4 28. Rf8+ Kh7 1-0

[Event "Cheliabinsk Kibizov Memorial 5th"]
[Site "Cheliabinsk"]
[Date "2010.06.25"]
[Round "2"]
[White "Matsenko, Andrei"]
[Black "Krotiuk, Daria"]
[Result "1/2-1/2"]
[WhiteElo "2000"]
[BlackElo "1808"]
[PlyCount "57"]
[EventDate "2010.06.24"]
[EventType "swiss"]
[EventRounds "9"]
[EventCountry "RUS"]
[SourceTitle "EXT 2012"]
[Source "ChessBase"]
[SourceDate "2011.11.24"]
[SourceVersion "1"]
[SourceVersionDate "2011.11.24"]
[SourceQuality "1"]

1. e4 e5 2. Nf3 Nc6 3. Bb5 a6 4. Ba4 Nf6 5. d3 b5 6. Bb3 Be7 7. c3 0-0 8. Nbd2 d6 9. Nf1 Na5 10. Bc2 c5 11. Ng3 h6 12. 0-0 Re8 13. h3 Bb7 14. a4 Qc7 15. Re1 Bf8 16. Nf5 c4 17. d4 exd4 18. N3xd4 Bxe4 19. Bxe4 Nxe4 20. axb5 axb5 21. Nxh6+ gxh6 22. Qg4+ Ng5 23. Rxe8 Rxe8 24. Bxg5 hxg5 25. Qxg5+ Kh7 26. Qf5+ Kg8 27. Qg5+ Kh7 28. Qh5+ Kg8 29. Qg5+ 1/2-1/2